[Event "MVP-ch Seniors op 19th"]
[Site "Ostseebad Binz"]
[Date "2019.12.02"]
[Round "6"]
[White "Molsner, Heinz"]
[Black "Henniges, Erhard"]
[Result "1-0"]
[WhiteElo "1667"]
[BlackElo "1536"]
[PlyCount "81"]
[EventDate "2019.11.27"]
[EventType "swiss"]
[EventRounds "9"]
[EventCountry "GER"]
[SourceTitle "EXT 2021"]
[Source "ChessBase"]
[SourceDate "2020.10.23"]
[SourceVersion "1"]
[SourceVersionDate "2020.10.23"]
[SourceQuality "1"]

1. e4 e5 2. Nf3 Nc6 3. c3 Nf6 4. d3 Be7 5. Be2 h6 6. 0-0 0-0 7. b3 d5 8. exd5 Nxd5 9. Bb2 Bf6 10. Nbd2 Nf4 11. Ne4 Nxe2+ 12. Qxe2 Bg4 13. h3 Bxf3 14. Qxf3 Bg5 15. Rad1 f5 16. Nc5 Qc8 17. Qd5+ Kh7 18. Ne6 Ne7 19. Qxe5 Bf6 20. Nxf8+ Qxf8 21. Qxc7 Qc8 22. Qa5 b6 23. Qb5 Qc7 24. d4 a6 25. Qd3 b5 26. d5 Qd6 27. Rfe1 Be5 28. Qe3 Ng6 29. Kh1 Re8 30. g3 Re7 31. Qf3 f4 32. gxf4 Nxf4 33. h4 Qf6 34. Qg4 Ng6 35. h5 Nh4 36. f3 Nf5 37. f4 Bd6 38. Rxe7 Nxe7 39. Re1 Qxf4 40. Qxf4 Bxf4 41. Rxe7 1-0

[Event "MVP-ch Seniors op 19th"]
[Site "Ostseebad Binz"]
[Date "2019.11.28"]
[Round "2"]
[White "Thielemann, Joachim"]
[Black "Henniges, Erhard"]
[Result "1-0"]
[WhiteElo "1757"]
[BlackElo "1536"]
[PlyCount "57"]
[EventDate "2019.11.27"]
[EventType "swiss"]
[EventRounds "9"]
[EventCountry "GER"]
[SourceTitle "EXT 2021"]
[Source "ChessBase"]
[SourceDate "2020.10.23"]
[SourceVersion "1"]
[SourceVersionDate "2020.10.23"]
[SourceQuality "1"]

1. e4 e5 2. Nc3 Bc5 3. Nf3 Nc6 4. d3 h6 5. g3 Nge7 6. Bg2 0-0 7. 0-0 d6 8. h3 a6 9. a3 b5 10. b4 Bd4 11. Qe1 Bxc3 12. Qxc3 Be6 13. Be3 Qd7 14. Kh2 f5 15. exf5 Bxf5 16. Nh4 Be6 17. Rad1 d5 18. Bc5 d4 19. Qd2 Rf7 20. Rde1 Bd5 21. f4 Bxg2 22. Nxg2 Raf8 23. Re4 Rf5 24. Rfe1 R8f7 25. g4 R5f6 26. fxe5 Re6 27. Nf4 Nxe5 28. Rxe5 Ref6 29. Rxe7 1-0

[Event "MVP-ch Seniors op 18th"]
[Site "Ostseebad Binz"]
[Date "2018.12.03"]
[Round "6"]
[White "Henniges, Erhard"]
[Black "Koehler, Marianne"]
[Result "0-1"]
[WhiteElo "1552"]
[BlackElo "1654"]
[PlyCount "88"]
[EventDate "2018.11.28"]
[EventType "swiss"]
[EventRounds "9"]
[EventCountry "GER"]
[SourceTitle "CBM 188 Extra"]
[Source "ChessBase"]
[SourceDate "2019.02.26"]
[SourceVersion "1"]
[SourceVersionDate "2019.02.26"]
[SourceQuality "1"]

1. c4 e6 2. Nc3 Ne7 3. Nf3 g6 4. g3 Bg7 5. d4 c5 6. Bg2 a6 7. 0-0 0-0 8. e4 cxd4 9. Nxd4 Nbc6 10. Nce2 e5 11. Nxc6 Nxc6 12. Be3 b6 13. a3 Qc7 14. b4 d6 15. Qd2 Rd8 16. Bg5 f6 17. Qd5+ Kf8 18. Be3 Rb8 19. f4 Ne7 20. Qd3 Be6 21. Rac1 Qb7 22. f5 Bg8 23. Nc3 b5 24. cxb5 axb5 25. Nd5 Bxd5 26. exd5 Nxf5 27. Bf2 Rdc8 28. Bh3 Rxc1 29. Rxc1 Ne7 30. Be6 f5 31. Kg2 e4 32. Qd2 Qa8 33. Bd4 Qxa3 34. Bxg7+ Kxg7 35. Qd4+ Kh6 36. Rc7 Qf3+ 37. Kg1 Ra8 38. Rxe7 Ra2 39. Qg7+ Kg5 40. h4+ Kg4 41. Bxf5+ Qxf5 42. Rf7 Qxd5 43. Rf4+ Kxg3 44. Qf6 Rg2+ 0-1

[Event "Hessen-ch Seniors op 12th"]
[Site "Bad Sooden-Allendorf"]
[Date "2016.05.02"]
[Round "3"]
[White "Garms, Ilse"]
[Black "Henniges, Erhard"]
[Result "1-0"]
[WhiteElo "1758"]
[BlackElo "1601"]
[PlyCount "67"]
[EventDate "2016.04.30"]
[EventType "swiss"]
[EventRounds "9"]
[EventCountry "GER"]
[SourceTitle "EXT 2019"]
[Source "ChessBase"]
[SourceDate "2018.10.10"]
[SourceVersion "1"]
[SourceVersionDate "2018.10.10"]
[SourceQuality "1"]

1. d4 Nf6 2. Nf3 g6 3. e3 Bg7 4. Bd3 d5 5. h3 0-0 6. b3 a6 7. Bb2 Nfd7 8. 0-0 Re8 9. Nbd2 Nc6 10. Re1 e5 11. dxe5 Ncxe5 12. Rb1 Nxf3+ 13. Nxf3 Bxb2 14. Rxb2 b5 15. c3 c5 16. c4 Qf6 17. Rc2 b4 18. cxd5 Bb7 19. e4 Rac8 20. Qc1 Ne5 21. Nxe5 Qxe5 22. Rxc5 Rxc5 23. Qxc5 Qc3 24. Qxc3 bxc3 25. Rc1 Rc8 26. Bc4 Kg7 27. Rxc3 f5 28. exf5 Bxd5 29. fxg6 hxg6 30. f3 a5 31. a4 Kf6 32. Kf2 Ke5 33. Re3+ Kd4 34. Rd3+ 1-0

[Event "MVP-ch Seniors op 15th"]
[Site "Binz"]
[Date "2015.11.26"]
[Round "3.71"]
[White "Mayeres, Hans Christian"]
[Black "Henniges, Erhard"]
[Result "1/2-1/2"]
[WhiteElo "1613"]
[BlackElo "1299"]
[PlyCount "64"]
[EventDate "2015.11.24"]
[EventType "swiss"]
[EventRounds "9"]
[EventCountry "GER"]
[SourceTitle "EXT 2017"]
[Source "ChessBase"]
[SourceDate "2016.10.25"]
[SourceVersion "1"]
[SourceVersionDate "2016.10.25"]
[SourceQuality "1"]

1. c4 e5 2. Nc3 Nf6 3. g3 Bb4 4. Bg2 Bxc3 5. bxc3 0-0 6. e4 d6 7. d3 Be6 8. Nf3 Bg4 9. h3 Bxf3 10. Bxf3 Nbd7 11. Rb1 b6 12. 0-0 h6 13. Bg2 Nh7 14. f4 f6 15. Be3 c5 16. d4 Qe7 17. dxc5 dxc5 18. Qd5+ Rf7 19. Rbd1 Rd8 20. Rd2 Kh8 21. Rfd1 Nhf8 22. f5 Qe8 23. Bf3 Re7 24. Be2 Kh7 25. a4 g5 26. a5 h5 27. axb6 axb6 28. Ra1 h4 29. g4 Kg7 30. Ra6 Rb8 31. Rda2 Rd8 32. Ra8 Nb8 1/2-1/2

[Event "Schleswig Holstein-ch Seniors op 9th"]
[Site "Buesum"]
[Date "2015.10.06"]
[Round "8"]
[White "Weck, Uwe"]
[Black "Henniges, Erhard"]
[Result "1/2-1/2"]
[WhiteElo "1697"]
[BlackElo "1630"]
[PlyCount "70"]
[EventDate "2015.09.28"]
[EventType "swiss"]
[EventRounds "9"]
[EventCountry "GER"]
[SourceTitle "EXT 2018"]
[Source "ChessBase"]
[SourceDate "2017.10.13"]
[SourceVersion "1"]
[SourceVersionDate "2017.10.13"]
[SourceQuality "1"]

1. e4 e6 2. d4 d5 3. e5 c5 4. Nf3 c4 5. c3 Qd7 6. Be2 Ne7 7. Bg5 Ng6 8. Nh4 Nxh4 9. Bxh4 Be7 10. Bxe7 Qxe7 11. 0-0 0-0 12. Nd2 b5 13. a3 Nc6 14. b4 Bb7 15. f4 Nd8 16. Rf3 Bc6 17. Qc2 f5 18. Rh3 Be8 19. g4 fxg4 20. Qxh7+ Kf7 21. Bxg4 Rg8 22. f5 Kf8 23. f6 gxf6 24. Qh6+ Qg7 25. Qxg7+ Rxg7 26. Rg3 f5 27. Bh3 Bg6 28. Rf1 Nf7 29. Rf2 Ke7 30. Bf1 Rag8 31. Rfg2 Nh8 32. h4 Kf7 33. Nf3 Kf8 34. Ng5 Bf7 35. Kh2 Ng6 1/2-1/2

[Event "Schleswig Holstein-ch Seniors op 9th"]
[Site "Buesum"]
[Date "2015.09.30"]
[Round "3"]
[White "Henniges, Erhard"]
[Black "Jung, Michael"]
[Result "0-1"]
[WhiteElo "1630"]
[BlackElo "1828"]
[PlyCount "86"]
[EventDate "2015.09.28"]
[EventType "swiss"]
[EventRounds "9"]
[EventCountry "GER"]
[SourceTitle "EXT 2018"]
[Source "ChessBase"]
[SourceDate "2017.10.13"]
[SourceVersion "1"]
[SourceVersionDate "2017.10.13"]
[SourceQuality "1"]

1. c4 c6 2. Nc3 d5 3. cxd5 cxd5 4. d4 Nf6 5. g3 a6 6. Bg2 Nc6 7. Nf3 e6 8. a3 Be7 9. 0-0 0-0 10. b4 b5 11. Bf4 Bb7 12. Rc1 Rc8 13. Ne1 Qb6 14. Be3 a5 15. Nd3 axb4 16. axb4 Nxb4 17. Nxb4 Bxb4 18. Qb3 Bxc3 19. Rxc3 Rxc3 20. Qxc3 Rc8 21. Qb2 Rc4 22. Rc1 Rxc1+ 23. Qxc1 h6 24. f3 b4 25. Bf2 Ba6 26. e4 Bc4 27. Be3 b3 28. Qb2 Qa5 29. Bd2 Qa2 30. Bc3 Nd7 31. Kf2 Nb6 32. Qxa2 bxa2 33. Ba1 Kf8 34. Ke3 Ke7 35. e5 Kd7 36. Kd2 Kc6 37. f4 Kb5 38. Bf3 Kb4 39. Bd1 Bb3 40. Bc3+ Ka3 41. Bxb3 Kxb3 42. Ba1 Nc4+ 43. Kc1 Ne3 0-1

[Event "GER-chB Seniors 27th"]
[Site "Magdeburg"]
[Date "2015.08.17"]
[Round "3"]
[White "Henniges, Erhard"]
[Black "Geibel, Henning"]
[Result "1-0"]
[WhiteElo "1630"]
[BlackElo "1476"]
[PlyCount "59"]
[EventDate "2015.08.15"]
[EventType "swiss"]
[EventRounds "9"]
[EventCountry "GER"]
[SourceTitle "EXT 2018"]
[Source "ChessBase"]
[SourceDate "2017.10.13"]
[SourceVersion "1"]
[SourceVersionDate "2017.10.13"]
[SourceQuality "1"]

1. c4 e6 2. Nc3 Nf6 3. g3 Be7 4. Bg2 0-0 5. Nf3 c6 6. d4 d5 7. c5 h6 8. 0-0 b6 9. b4 bxc5 10. bxc5 Na6 11. Bf4 Nh7 12. Ne5 Bb7 13. Qa4 Qc8 14. Rab1 Bf6 15. Rb2 Bg5 16. e3 Bxf4 17. exf4 f6 18. Ng6 Re8 19. Rfb1 Rb8 20. Bf1 Nc7 21. Qxa7 Nb5 22. Bxb5 cxb5 23. Rxb5 Kf7 24. Rxb7+ Rxb7 25. Rxb7+ Kxg6 26. Rxg7+ Kf5 27. Rxh7 Qc6 28. Qg7 Qa6 29. f3 e5 30. Qg4# 1-0

[Event "GER-chB Seniors 27th"]
[Site "Magdeburg"]
[Date "2015.08.15"]
[Round "1"]
[White "Henniges, Erhard"]
[Black "Hoffmann, Eberhard"]
[Result "0-1"]
[WhiteElo "1630"]
[BlackElo "1866"]
[PlyCount "102"]
[EventDate "2015.08.15"]
[EventType "swiss"]
[EventRounds "9"]
[EventCountry "GER"]
[SourceTitle "EXT 2018"]
[Source "ChessBase"]
[SourceDate "2017.10.13"]
[SourceVersion "1"]
[SourceVersionDate "2017.10.13"]
[SourceQuality "1"]

1. c4 e5 2. Nc3 Nc6 3. g3 g6 4. Bg2 Bg7 5. d3 Nge7 6. Nf3 h6 7. 0-0 0-0 8. Bd2 d6 9. Qc1 Kh7 10. a3 Be6 11. b4 a6 12. Rb1 Qd7 13. a4 Bh3 14. Ne1 Bxg2 15. Nxg2 Nd4 16. Qd1 f5 17. e3 Ne6 18. Ne2 Ng5 19. f4 Nh3+ 20. Kh1 g5 21. Ng1 Nxg1 22. Kxg1 g4 23. b5 axb5 24. axb5 Ra2 25. Bc3 Rfa8 26. Rf2 Rxf2 27. Kxf2 exf4 28. Bxg7 fxe3+ 29. Nxe3 Kxg7 30. Ra1 Qe8 31. Qb1 Kg6 32. Qb2 b6 33. Re1 Qf7 34. Ng2 Qf6 35. Re6 Qxe6 36. Nf4+ Kf7 37. Nxe6 Kxe6 38. Qe2+ Kf6 39. Qb2+ Kf7 40. d4 h5 41. d5 Ng6 42. Qc2 Kf6 43. Qd2 Rh8 44. Qc3+ Ne5 45. Ke3 Kg5 46. Qd4 h4 47. Qf4+ Kg6 48. Ke2 hxg3 49. hxg3 Rh2+ 50. Ke3 Rc2 51. Kd4 Rxc4+ 0-1

[Event "MVP-ch Seniors op 14th"]
[Site "Binz"]
[Date "2014.12.03"]
[Round "9"]
[White "Staudinger, Karl"]
[Black "Henniges, Erhard"]
[Result "0-1"]
[WhiteElo "1024"]
[BlackElo "1240"]
[PlyCount "54"]
[EventDate "2014.11.25"]
[EventType "swiss"]
[EventRounds "9"]
[EventCountry "GER"]
[SourceTitle "EXT 2016"]
[Source "ChessBase"]
[SourceDate "2015.10.08"]
[SourceVersion "1"]
[SourceVersionDate "2015.10.08"]
[SourceQuality "1"]

1. c4 e5 2. g3 Nf6 3. Bg2 Bc5 4. Nc3 c6 5. e3 d5 6. cxd5 cxd5 7. Qa4+ Bd7 8. Qb3 Bc6 9. Nf3 Nbd7 10. 0-0 a6 11. Re1 0-0 12. Qc2 e4 13. Nh4 Ne5 14. Qd1 Nd3 15. Re2 d4 16. Nb1 Bb5 17. exd4 Bxd4 18. Bxe4 Nxe4 19. Rxe4 Nxf2 20. Qh5 Nxe4+ 21. Kg2 Nf6 22. Qd1 Bc6+ 23. Kf1 Qd5 24. d3 Qh1+ 25. Ke2 Rfe8+ 26. Be3 Rxe3+ 27. Kd2 Qxh2+ 0-1

[Event "MVP-ch Seniors op 14th"]
[Site "Binz"]
[Date "2014.11.30"]
[Round "6"]
[White "Koehler, Marianne"]
[Black "Henniges, Erhard"]
[Result "1-0"]
[WhiteElo "1439"]
[BlackElo "1240"]
[PlyCount "105"]
[EventDate "2014.11.25"]
[EventType "swiss"]
[EventRounds "9"]
[EventCountry "GER"]
[SourceTitle "EXT 2016"]
[Source "ChessBase"]
[SourceDate "2015.10.08"]
[SourceVersion "1"]
[SourceVersionDate "2015.10.08"]
[SourceQuality "1"]

1. e4 e6 2. Nf3 Bc5 3. d4 Bb6 4. c3 h6 5. Be2 Ne7 6. Be3 0-0 7. Qc1 d5 8. e5 Nf5 9. 0-0 Nxe3 10. Qxe3 Nc6 11. Bd3 Ne7 12. Nbd2 Nf5 13. Bxf5 exf5 14. Ne1 Qe7 15. f4 c5 16. Kh1 Bd7 17. Rf3 cxd4 18. cxd4 Rac8 19. Rh3 Rc6 20. Nb3 f6 21. Qg3 fxe5 22. dxe5 Qf7 23. Nf3 Rc2 24. Rxh6 Rc6 25. Rxc6 bxc6 26. Ng5 Qg6 27. Re1 Re8 28. h4 Be6 29. Rc1 Bd7 30. Nc5 Bxc5 31. Rxc5 Rb8 32. b3 Rb6 33. Kh2 Qe8 34. Qe3 Be6 35. Ra5 Rb4 36. g3 d4 37. Qd2 Qe7 38. Nxe6 Rb7 39. Nc5 Rb8 40. Qd3 Qd8 41. Ra4 Qd5 42. Qxd4 Qf3 43. Qc4+ Kh7 44. Qc2 Rd8 45. Qxf5+ Kh8 46. Nd7 Qe2+ 47. Kh3 Qf1+ 48. Kg4 Qd1+ 49. Kg5 Rxd7 50. Kg6 Qd3 51. Qxd3 Rxd3 52. g4 Rh3 53. Kg5 1-0

[Event "Hessen-ch Seniors op 10th"]
[Site "Bad Sooden-Allendorf"]
[Date "2014.04.29"]
[Round "4"]
[White "Henniges, Erhard"]
[Black "Zoll, Theobald"]
[Result "1/2-1/2"]
[WhiteElo "1670"]
[BlackElo "1733"]
[PlyCount "56"]
[EventDate "2014.04.26"]
[EventType "swiss"]
[EventRounds "9"]
[EventCountry "GER"]
[SourceTitle "EXT 2018"]
[Source "ChessBase"]
[SourceDate "2017.10.13"]
[SourceVersion "1"]
[SourceVersionDate "2017.10.13"]
[SourceQuality "1"]

1. c4 c6 2. Nc3 d5 3. cxd5 cxd5 4. d4 Nf6 5. h3 Nc6 6. Nf3 a6 7. a3 Bf5 8. e3 h6 9. Be2 e6 10. b4 b5 11. 0-0 Bd6 12. Bb2 0-0 13. Rc1 Qd7 14. Ne1 Rfd8 15. Bd3 Ne4 16. Qc2 Nxc3 17. Bxc3 Ne7 18. Bxf5 Nxf5 19. Nd3 Ne7 20. Nc5 Bxc5 21. dxc5 Nc6 22. Qb2 f6 23. Rcd1 Qf7 24. f4 Qh5 25. Rd2 Ra7 26. Rf3 Qg6 27. Kh2 Kh7 28. g4 Qe4 1/2-1/2

[Event "Hessen-ch Seniors op 10th"]
[Site "Bad Sooden-Allendorf"]
[Date "2014.04.28"]
[Round "3"]
[White "Bill, Eugen"]
[Black "Henniges, Erhard"]
[Result "1-0"]
[WhiteElo "1875"]
[BlackElo "1670"]
[PlyCount "79"]
[EventDate "2014.04.26"]
[EventType "swiss"]
[EventRounds "9"]
[EventCountry "GER"]
[SourceTitle "EXT 2018"]
[Source "ChessBase"]
[SourceDate "2017.10.13"]
[SourceVersion "1"]
[SourceVersionDate "2017.10.13"]
[SourceQuality "1"]

1. d4 d5 2. c4 Nf6 3. Nc3 e6 4. Bg5 Be7 5. e3 h6 6. Bxf6 Bxf6 7. Nf3 0-0 8. cxd5 exd5 9. Be2 c6 10. 0-0 Re8 11. a3 Bg4 12. h3 Bf5 13. Bd3 Be4 14. Qc2 Bxf3 15. gxf3 Bh4 16. Kh1 Qf6 17. f4 g5 18. Rg1 Kh8 19. Rg4 Nd7 20. fxg5 Qf3+ 21. Kh2 Qxf2+ 22. Qxf2 Bxf2 23. Rf4 Bg3+ 24. Kxg3 Rxe3+ 25. Rf3 Rae8 26. Bf5 Nb6 27. Rxe3 Rxe3+ 28. Kf4 Re7 29. gxh6 f6 30. Rg1 Nc4 31. h7 Rg7 32. Re1 Nd6 33. Re6 Nxf5 34. Kxf5 Kxh7 35. Kxf6 Rg6+ 36. Kf5 Rg7 37. Ke5 Kg8 38. Na4 Rg3 39. Re7 Rb3 40. Nc5 1-0

[Event "Hessen-ch Seniors op 10th"]
[Site "Bad Sooden-Allendorf"]
[Date "2014.04.26"]
[Round "1"]
[White "Henniges, Erhard"]
[Black "Riek, Wolfgang"]
[Result "0-1"]
[WhiteElo "1670"]
[BlackElo "2011"]
[PlyCount "68"]
[EventDate "2014.04.26"]
[EventType "swiss"]
[EventRounds "9"]
[EventCountry "GER"]
[SourceTitle "EXT 2018"]
[Source "ChessBase"]
[SourceDate "2017.10.13"]
[SourceVersion "1"]
[SourceVersionDate "2017.10.13"]
[SourceQuality "1"]

1. c4 Nf6 2. Nc3 c5 3. e4 d6 4. Be2 g6 5. d3 Bg7 6. Nf3 Nc6 7. 0-0 0-0 8. Bd2 e6 9. a3 d5 10. cxd5 exd5 11. exd5 Nxd5 12. Rc1 b6 13. Ne1 Nd4 14. Nxd5 Qxd5 15. Bc3 Be6 16. Bxd4 Qxd4 17. Rb1 Ba2 18. Nc2 Qf6 19. Ra1 Qxb2 20. Qc1 Qb3 21. Rxa2 Qxa2 22. Qb1 Qxb1 23. Rxb1 Rfe8 24. Bf3 Rad8 25. Rd1 Re6 26. g3 Red6 27. Be2 c4 28. d4 Bxd4 29. Kf1 b5 30. f4 Bc5 31. Rxd6 Rxd6 32. a4 Rd2 33. Ne1 bxa4 34. Bxc4 Rf2+ 0-1

[Event "MVP-ch Seniors op 13th"]
[Site "Binz"]
[Date "2013.12.04"]
[Round "8"]
[White "Klose, Hans Peter"]
[Black "Henniges, Erhard"]
[Result "1/2-1/2"]
[WhiteElo "1463"]
[BlackElo "1294"]
[PlyCount "32"]
[EventDate "2013.11.27"]
[EventType "swiss"]
[EventRounds "9"]
[EventCountry "GER"]
[SourceTitle "EXT 2015"]
[Source "ChessBase"]
[SourceDate "2014.11.20"]
[SourceVersion "1"]
[SourceVersionDate "2014.11.20"]
[SourceQuality "1"]

1. c4 Nf6 2. g3 e5 3. Bg2 Bc5 4. e3 0-0 5. Ne2 c6 6. Nbc3 d5 7. cxd5 cxd5 8. Na4 Na6 9. Nxc5 Nxc5 10. d4 exd4 11. Nxd4 Bd7 12. 0-0 Re8 13. b3 a6 14. Bb2 Rc8 15. Rc1 Qb6 16. h3 Nce4 1/2-1/2

[Event "Hessen-ch Seniors op 07th"]
[Site "Bad Sooden-Allendorf"]
[Date "2011.05.02"]
[Round "3"]
[White "Henniges, Erhard"]
[Black "Narr, Irmgard"]
[Result "0-1"]
[WhiteElo "1341"]
[BlackElo "1600"]
[PlyCount "88"]
[EventDate "2011.04.30"]
[EventType "swiss"]
[EventRounds "9"]
[EventCountry "GER"]
[SourceTitle "EXT 2012"]
[Source "ChessBase"]
[SourceDate "2011.11.24"]
[SourceVersion "1"]
[SourceVersionDate "2011.11.24"]
[SourceQuality "1"]

1. e4 e6 2. d4 b6 3. Bd3 Bb7 4. Nf3 d6 5. 0-0 Nf6 6. Re1 Be7 7. Nbd2 0-0 8. e5 dxe5 9. dxe5 Nd5 10. Ne4 Nb4 11. Qe2 Nxd3 12. cxd3 Ba6 13. Rd1 Nc6 14. a3 Nd4 15. Nxd4 Qxd4 16. Be3 Qxe4 17. Qc2 Qxe5 18. d4 Qd6 19. b4 Bb7 20. Rac1 Qd5 21. f3 Bd6 22. Qd2 Qh5 23. Bf4 Qg6 24. Rc3 Qf5 25. Bxd6 cxd6 26. Qe3 h5 27. h3 Rac8 28. Rdc1 Rxc3 29. Rxc3 Rc8 30. Rxc8+ Bxc8 31. g4 hxg4 32. hxg4 Qb1+ 33. Kf2 Qb2+ 34. Kg3 Ba6 35. Qf4 e5 36. dxe5 dxe5 37. Qe4 Bf1 38. Qa8+ Kh7 39. Qe4+ g6 40. f4 Qxa3+ 41. Kh4 Qh3+ 42. Kg5 Qh6+ 43. Kf6 Qxf4+ 44. Qxf4 exf4 0-1

[Event "Hessen-ch Seniors op 07th"]
[Site "Bad Sooden-Allendorf"]
[Date "2011.04.30"]
[Round "1"]
[White "Henniges, Erhard"]
[Black "Perk, Egbert"]
[Result "0-1"]
[WhiteElo "1341"]
[BlackElo "1750"]
[PlyCount "78"]
[EventDate "2011.04.30"]
[EventType "swiss"]
[EventRounds "9"]
[EventCountry "GER"]
[SourceTitle "EXT 2012"]
[Source "ChessBase"]
[SourceDate "2011.11.24"]
[SourceVersion "1"]
[SourceVersionDate "2011.11.24"]
[SourceQuality "1"]

1. c4 Nf6 2. g3 e6 3. Bg2 d5 4. Nf3 Be7 5. 0-0 c6 6. e3 0-0 7. Nc3 Nbd7 8. a3 dxc4 9. Rb1 Nc5 10. Ne1 e5 11. e4 Be6 12. f3 Qd7 13. Qe2 Rfd8 14. b4 cxb3 15. Bb2 b5 16. Rd1 Bc4 17. d3 Nxd3 18. Nxd3 Bxd3 19. Qe3 Qd4 20. Qxd4 Rxd4 21. Rf2 Bc4 22. Rfd2 Rxd2 23. Rxd2 Rd8 24. Rxd8+ Bxd8 25. Kf2 Bb6+ 26. Ke1 Bd4 27. Kd2 Kf8 28. Nd1 Ke7 29. Bc3 c5 30. Nb2 Be6 31. Bxd4 exd4 32. Nd3 c4 33. Nb4 Kd7 34. f4 c3+ 35. Kc1 Bc4 36. Bh3+ Kc7 37. Bg2 a5 38. Nd5+ Nxd5 39. exd5 Bd3 0-1